000
002900000a22000970004500
100
1
_a
Sogaard, Viggo
245
1
0
_a
The emergence of audio-scripture in church and mission
300
_a
Vol. 12, Núm 2 (1995), Páginas 71-75
773
0
_t
International Journal of Frontier Misions
942
_c
ANA
999
_c
55299
_d
55299